¿En qué creen los que no creen? Un diálogo sobre la ética en el fin del milenio.
Furkejuvvon:
| Váldodahkki: | |
|---|---|
| Eará dahkkit: | , |
| Materiálatiipa: | Girji |
| Giella: | espánnjágiella |
| Almmustuhtton: |
Buenos Aires, Argentina:
Temas de Hoy; Planeta,
2002.
|
| Preanttus: | Vigesimosegunda edición argentina. |
| Fáttát: | |
| Fáddágilkorat: |
Lasit fáddágilkoriid
Eai fáddágilkorat, Lasit vuosttaš fáddágilkora!
|
MARC
| LEADER | 00000nam a2200000 a 4500 | ||
|---|---|---|---|
| 001 | UCP5550 | ||
| 003 | CL-VaPUC | ||
| 005 | 20250224102312.0 | ||
| 008 | 990927t20020000AG |||||||||||||||||spa|d | ||
| 999 | |c 441819 |d 441817 | ||
| 020 | |a 950-730-039-2 | ||
| 040 | |c Pontificia Universidad Católica de Valparaíso | ||
| 082 | 0 | 4 | |a 170 ECO 2002 |2 21 |
| 100 | |a Eco, Umberto |e autor |9 294976 | ||
| 245 | 1 | 0 | |a ¿En qué creen los que no creen? |b Un diálogo sobre la ética en el fin del milenio. |
| 250 | |a Vigesimosegunda edición argentina. | ||
| 260 | |a Buenos Aires, Argentina: |b Temas de Hoy; |b Planeta, |c 2002. | ||
| 300 | |a 166 páginas. | ||
| 500 | |a c.1 Donación Sr. Jorge Precht Pizarro. 26-05-23. Biblioteca Teología. | ||
| 583 | |a last modification |c 19990927 00:00:00 |k Yessy Sthefany Diaz Vidal | ||
| 650 | 0 | |a Ateos |2 CL-VaPUC |9 399587 |x Filosofía de la religión | |
| 650 | 0 | |a Ética |9 255099 |x Religión | |
| 650 | 0 | |a Valores sociales |x Aspectos éticos y religiosos |y Siglo 21 |9 309627 | |
| 650 | 0 | |a Laicos |9 255625 |v Crítica e interpretación | |
| 700 | |a Martini, Carlo María, |c Arzobispo de Milán. |e autor |9 600928 | ||
| 700 | |a Gumpert Melgosa, Carlos |e traducción |9 884674 | ||
| 942 | |c BK |2 ddc | ||
| 945 | |d 19990927 00:00:00 |a rbrito | ||
| 952 | |0 0 |1 0 |2 ddc |4 0 |6 170_000000000000000_ECO_2002 |7 0 |8 A |9 591621 |a BIBTEO |b BIBTEO |d 2023-09-20 |e Donación |i 5658668 |o 170 ECO 2002 |p 5658668 |r 2025-01-17 |t 1 |w 2023-09-20 |y BK |k ICR | ||